000 00428cam a22001337a 4500
008 180718b1977 xxu||||| |||| 00| 0 eng d
082 _aA81x54 In2/71/9/Pt2B/2
100 _aCensus of India 1971
245 _aKerala: economic tables
260 _aNew Delhi
_bThe Controller of Publications
_c1977
300 _a454+p.
440 _aCensus of India 1971. Series-9, Kerala. Part II-B (ii)
500 _aContents: Tables B-V to B-IX
999 _c485071
_d485071